[Event "Sherbrooke-opA"]
[Site "Sherbrooke"]
[Date "2005.05.29"]
[Round "5"]
[White "Beaudry, Michel"]
[Black "Mercier, Andre"]
[Result "0-1"]
[WhiteElo "1411"]
[BlackElo "1822"]
[PlyCount "58"]
[EventDate "2005.05.27"]
[EventType "swiss"]
[EventRounds "5"]
[EventCountry "CAN"]
[SourceTitle "CBM 106 Extra"]
[Source "ChessBase"]
[SourceDate "2005.07.01"]
[SourceVersion "1"]
[SourceVersionDate "2005.07.01"]
[SourceQuality "1"]

1. e4 d5 2. exd5 Qxd5 3. Nc3 Qa5 4. d3 Nf6 5. Bd2 c6 6. Be2 Bf5 7. Nf3 Nbd7 8. 0-0 e6 9. Ne4 Qc7 10. Nxf6+ Nxf6 11. Nh4 Bg6 12. b4 Be7 13. Nxg6 hxg6 14. g3 Rd8 15. c4 Nd7 16. Rb1 Bf6 17. Qc2 Rh7 18. Rfe1 Ke7 19. Bf4 Be5 20. Bxe5 Nxe5 21. Kg2 b6 22. Rbd1 c5 23. bxc5 Qc6+ 24. f3 Ng4 25. Qd2 Rxh2+ 26. Kg1 Rdh8 27. Qg5+ Nf6 28. d4 Rxe2 29. Rxe2 Qxf3 0-1

[Event "Sherbrooke Perpetuelles 26-09"]
[Site "Sherbrooke"]
[Date "2003.10.24"]
[Round "5"]
[White "Jolin, Fernand"]
[Black "Beaudry, Michel"]
[Result "1/2-1/2"]
[WhiteElo "1313"]
[BlackElo "1425"]
[PlyCount "106"]
[EventDate "2003.09.26"]
[EventType "swiss"]
[EventRounds "5"]
[EventCountry "CAN"]
[SourceTitle "EXT 2008"]
[Source "ChessBase"]
[SourceDate "2007.11.25"]
[SourceVersion "1"]
[SourceVersionDate "2007.11.25"]
[SourceQuality "1"]

1. Nf3 d5 2. g3 Nc6 3. d4 e6 4. Bg2 Bd6 5. Nc3 a6 6. 0-0 Nge7 7. e3 0-0 8. a3 Ng6 9. b4 b5 10. e4 dxe4 11. Nxe4 a5 12. Nxd6 Qxd6 13. c3 Bb7 14. Be3 Nce7 15. h4 Nd5 16. Qd2 Nxe3 17. Qxe3 Rab8 18. bxa5 Ne7 19. Qe5 Qd7 20. Qc5 f6 21. Rfb1 Bc6 22. Rb2 Be4 23. Ne5 fxe5 24. Bxe4 exd4 25. cxd4 c6 26. Rab1 Rfd8 27. Rb4 Nd5 28. Bxd5 exd5 29. a4 Rf8 30. axb5 cxb5 31. Rxb5 Rbc8 32. Qxd5+ Qxd5 33. Rxd5 Rc2 34. f4 Ra2 35. Rdb5 Kf7 36. R1b2 Ra1+ 37. Kg2 Re8 38. Kf3 h6 39. Rb7+ Kg6 40. Ra7 Ra3+ 41. Kf2 Ree3 42. g4 Rf3+ 43. Ke2 Rh3 44. h5+ Kh7 45. Rab7 Rxa5 46. f5 Raa3 47. f6 Rh2+ 48. Kd1 Ra1+ 49. Rb1 Rxb1+ 50. Rxb1 gxf6 51. Rb7+ Kg8 52. d5 Rg2 53. Rb4 Kf7 1/2-1/2